Score 0/30 Timer 03:00
0 Plays Today
Hint Answer % Correct
AuthorF. Scott Fitzgerald
89.3%
Narrator's Cousin, wealthy womanDaisy Buchanan
81%
Narrator's nameNick Carraway
76.7%
Wealthy neighbor of narratorJay Gatsby
74.2%
Her husbandTom Buchanan
72.7%
Area where the previous two characters liveEast Egg
62%
Who lives in this area West Egg
56.3%
Date of Publication1925
53.9%
Wife of garage ownerMyrtle Wilson
53%
Famous Golfer who has affair with narratorJordan Baker
51.3%
Owner of a rundown garageGeorge Wilson
50.4%
Previous character's real nameJames Gatz
50.4%
Billboard's most prominent featureThe Eyes
41.7%
Which was this colorYellow
37.4%
Which was driven byDaisy Buchanan
36.7%
Hint Answer % Correct
This is barely visible from title character's lawnThe Green Dock Light
34.8%
Location of garageValley of Ashes
33.2%
Where the title character is shotA pool
32.3%
How many people attend title character's funeralThree
31.7%
Shady underworld figure, who may have fixed the world seriesMeyer Wolfshiem
31.3%
Character ultimately killed in this carMyrtle Wilson
29.6%
Name one of themNick, Gatsby's father, and Owl Eyes
28.4%
Later profession of title characterBootlegger
25.4%
Who shoots himGeorge Wilson
24.4%
Title character's rank in the ArmyLieutenant
21.1%
Mentor to title characterDan Cody
16.3%
Type of car owned by title characterRolls-Royce
10%
Subject of billboardDoctor T.J. Eckleburg
9.6%
Real life figure previous answer was based onArnold Rothstein
8.4%
Cover IllustratorFrancis Cugat
8.1%

You're not logged in!

Compare scores with friends on all Sporcle quizzes.
OR
Log In

Sporcle TV

Today on Sporcle TV


Watch our educational content, quiz creation guides, and fun videos on Sporcle TV.

Show Comments

Extras

Top Quizzes Today


Score Distribution

Paid Content

Your Account Isn't Verified!

In order to create a playlist on Sporcle, you need to verify the email address you used during registration. Go to your Sporcle Settings to finish the process.

Report this User

Report this user for behavior that violates our Community Guidelines.

Details: